Statistics for Bird species quiz

Click here to take the quiz!

General Stats

  • This quiz has been taken 8 times
  • The average score is 13 of 15

Answer Stats

Answer% Correct
Chicken
100%
Flamingo
100%
Hummingbird
100%
Ostrich
100%
Owl
100%
Peacock
100%
Penguin
100%
Swan
100%
Vulture
100%
Woodpecker
100%
Pigeon
86%
Raven
86%
Cassowary
71%
Magpie
43%
Canary
29%

Score Distribution

Percentile by Number Answered

Percent of People with Each Score

Your Score History

You have not taken this quiz